000 01861nam0a2200361 4500
001 RU\NLR\bibl\490231
005 20260405113436.0
010 _a5-7731-0070-3
_9150
021 _aRU
_b2003-73764
_93652
035 _a(NLR Aleph) 000482907
090 _a1065083
_c1065083
100 _a20040212d2003 |||y0rusy50 ca
101 0 _arus
102 _aRU
105 _aa |||||||||
200 1 _aПроектирование профессинально-ориентирующей системы диагностики качества довузовской подготовки по физике
_fВ.М. Федоров, Г.В. Янов
_gПод ред. д.т.н., проф. О.В. Родионова
_gВоронеж. гос. техн. ун-т
210 _aВоронеж
_cВоронеж. гос. техн. ун-т
_d2003
215 _a146 с.
_cил.
_d21
225 1 _aСерия "Моделирование, оптимизация и компьютеризация в сложных системах"
_fПод общ. ред. засл. деят. науки РФ, д.т.н., проф. В.Н. Фролова
_vКн. 35
320 _aБиблиогр.: с. 132-145 (159 назв.)
606 0 _aПедагогическая диагностика
_91834611
_3RU\NLR\auth\66829888
606 0 _aФизика
_xЗнания
_xОценка
_xСредняя школа
_92314049
_3RU\NLR\auth\661384765
686 _aЧ30в6
686 _aЧ426.51-28
700 1 _4070
_8rus
_7ca
_aФедоров
_bВ. М.
_cканд. пед. наук
_f- 2011
_gВалерий Михайлович
_3RU\NLR\AUTH\7744139
_927081
701 1 _aЯнов
_bГ. В.
_gГеоргий Вячеславович
_4070
801 0 _aRU
_bNLR
_c20040212
_gPSBO
801 1 _aRU
_bNLR
_c20040212
830 _aАвт. по кн.
942 _cBOOK
980 _aNB